<?xml version="1.0" encoding="UTF-8"?>
<record
    xmlns:xsi="http://www.w3.org/2001/XMLSchema-instance"
    xsi:schemaLocation="http://www.loc.gov/MARC21/slim http://www.loc.gov/standards/marcxml/schema/MARC21slim.xsd"
    xmlns="http://www.loc.gov/MARC21/slim">

  <leader>00448nam a22001457a 4500</leader>
  <datafield tag="999" ind1=" " ind2=" ">
    <subfield code="c">112647</subfield>
    <subfield code="d">112647</subfield>
  </datafield>
  <controlfield tag="005">20190524104219.0</controlfield>
  <controlfield tag="008">190524b           ||||| |||| 00| 0 eng d</controlfield>
  <datafield tag="020" ind1=" " ind2=" ">
    <subfield code="a">0733974007</subfield>
  </datafield>
  <datafield tag="040" ind1=" " ind2=" ">
    <subfield code="c">PK-LaUMT</subfield>
  </datafield>
  <datafield tag="082" ind1=" " ind2=" ">
    <subfield code="a">613.7071094</subfield>
    <subfield code="b">TEA-</subfield>
  </datafield>
  <datafield tag="245" ind1=" " ind2=" ">
    <subfield code="a">Teaching health and physical education in Australian schools /</subfield>
    <subfield code="c">edited by Richard Tinning, Louise McCuaig and Lisahunter</subfield>
  </datafield>
  <datafield tag="260" ind1=" " ind2=" ">
    <subfield code="a">Australia :</subfield>
    <subfield code="b">Pearson,</subfield>
    <subfield code="c">2006</subfield>
  </datafield>
  <datafield tag="300" ind1=" " ind2=" ">
    <subfield code="a">287 p.</subfield>
  </datafield>
  <datafield tag="942" ind1=" " ind2=" ">
    <subfield code="c">BK</subfield>
  </datafield>
  <datafield tag="952" ind1=" " ind2=" ">
    <subfield code="0">0</subfield>
    <subfield code="1">0</subfield>
    <subfield code="4">0</subfield>
    <subfield code="7">0</subfield>
    <subfield code="a">01</subfield>
    <subfield code="b">01</subfield>
    <subfield code="d">2019-05-24</subfield>
    <subfield code="l">0</subfield>
    <subfield code="o">613.7071094 TEA-</subfield>
    <subfield code="p">129934</subfield>
    <subfield code="r">2019-12-03 00:00:00</subfield>
    <subfield code="w">2019-05-24</subfield>
    <subfield code="y">BK</subfield>
  </datafield>
  <datafield tag="952" ind1=" " ind2=" ">
    <subfield code="0">0</subfield>
    <subfield code="1">0</subfield>
    <subfield code="4">0</subfield>
    <subfield code="7">0</subfield>
    <subfield code="a">01</subfield>
    <subfield code="b">01</subfield>
    <subfield code="d">2020-09-11</subfield>
    <subfield code="l">0</subfield>
    <subfield code="o">613.7071094 TEA-</subfield>
    <subfield code="p">134885</subfield>
    <subfield code="r">2020-09-11 00:00:00</subfield>
    <subfield code="t">C.2</subfield>
    <subfield code="w">2020-09-11</subfield>
    <subfield code="y">BK</subfield>
  </datafield>
</record>
